Chinh phục Adobe Photoshop 5
محفوظ في:
| التنسيق: | Sách giấy |
|---|---|
| اللغة: | Vietnamese |
| منشور في: |
Hà Nội :
Thống kê ,
1999
|
| الوسوم: |
إضافة وسم
لا توجد وسوم, كن أول من يضع وسما على هذه التسجيلة!
|
| Thư viện lưu trữ: | Thư viện Trường Đại học Đà Lạt |
|---|
| LEADER | 00500nam a2200229 4500 | ||
|---|---|---|---|
| 001 | DLU020018727 | ||
| 005 | ##10/2/2001 | ||
| 020 | # | # | |a 978- |
| 041 | # | # | |a vie |
| 082 | # | # | |a 006.68 |b Chi |
| 245 | # | # | |a Chinh phục Adobe Photoshop 5 |
| 260 | # | # | |a Hà Nội : |b Thống kê , |c 1999 |
| 300 | # | # | |a 812 tr.; |c 21 cm. |
| 992 | # | # | |a 69000 |
| 994 | # | # | |a DLU |
| 900 | # | # | |a False |
| 911 | # | # | |a Administrator |
| 925 | # | # | |a G |
| 926 | # | # | |a A |
| 927 | # | # | |a SH |
| 980 | # | # | |a Thư viện Trường Đại học Đà Lạt |